000 00769nam a2200265Ia 4500
005 20260302114742.0
008 008 260114s9999 xx 000 0 eng d
020 _a9781978734296
037 _aTextbook
040 _aCRL
040 _beng
040 _cCRL
041 _2eng
041 _aeng
084 _qCRL
100 _aDilek Bulut Sarikaya
_91119650
245 4 _aThe Human-Animal Relationship in Pre-Modern Turkish Literature A Study of The Book of Dede Korkut and The Masnavi, Book I, II
260 _bBloomsbury
260 _bLexington Books
260 _c2023
650 _aLiterary Studies
856 _uhttps://doi.org/10.5040/9781978734296?locatt=label:secondary_bloomsburyCollections
942 _cEBOOK
999 _c1683712
_d1683712